000 00680nam a22002417a 4500
003 UA-OsUOA
001 36470
007 ta
008 20060126b un ||||| |||| 00| 0 ukr d
090 _a1(038)
_bФ51
942 _cBK
040 _aUA-OsUOA
_bukr
_cUA-OsUOA
_dUA-OsUOA
245 _aФілософський словник соціальних термінів
_cВ.П. Андрущенко
300 _a672 с.
955 _a1
041 _aukr
080 _a1(038)
020 _a966-8097-05-Х
260 _aХ.
_bР.И.Ф.
_c2005
250 _nвидання третє, доповнене
650 7 _a1 Філософські науки
_2UDC
999 _c322707
_d322707